[Event "4NCL Online Division 5"]
[Site "online"]
[Date "2021.04.06"]
[EventDate "2021.04.06"]
[Round "6.24"]
[White "Jakhria, Kushal"]
[WhiteElo "1723"]
[WhiteTeam "Charlton Cobras A"]
[Black "Soulier, Alfred"]
[BlackElo "1624"]
[BlackTeam "KCJS 1"]
[Result "0-1"]
[PlyCount "111"]

1. d4 Nf6 2. c4 g6 3. Nc3 Bg7 4. e4 d6 5. Nf3 O-O 6. Be2 e5 7. Be3 exd4 8. Nxd4 Re8 9. f3 c6 10. Bf2 d5 11. exd5 cxd5 12. O-O Nc6 13. c5 Nxd4 14. Bxd4 Be6 15. Nb5 Re7 16. b4 a6 17. Nd6 Ne8 18. Bxg7 Kxg7 19. Qd4+ Kg8 20. Nxe8 Rxe8 21. Bd1 Qd7 22. Bb3 a5 23. a3 axb4 24. axb4 Qb5 25. Rfb1 Ra6 26. Rxa6 Qxa6 27. Bxd5 Bxd5 28. Qxd5 Qe2 29. Qd1 Qa2 30. Qf1 Re2 31. Re1 Rb2 32. b5 Qa4 33. Rb1 Qd4+ 34. Kh1 Rxb1 35. Qxb1 Qxc5 36. h3 b6 37. Kh2 Qe5+ 38. Kh1 Kg7 39. Qb4 Kf6 40. g4 Ke6 41. Kg2 Kd5 42. f4 Qe4+ 43. Qxe4+ Kxe4 44. Kg3 f6 45. h4 Kd4 46. h5 Kc5 47. hxg6 hxg6 48. Kf3 Kxb5 49. Ke4 Kc6 50. Kd4 Kd6 51. Kc4 b5+ 52. Kxb5 Kd5 53. Kb6 Ke4 54. f5 gxf5 55. gxf5 Kxf5 56. Kc5 0-1

[Event "4NCL Online Division 5"]
[Site "online"]
[Date "2021.04.06"]
[EventDate "2021.04.06"]
[Round "6.31"]
[White "Walker, David N"]
[WhiteElo "1946"]
[WhiteTeam "Harborough Cuatro 1"]
[Black "Price, Michael C"]
[BlackElo "1739"]
[BlackTeam "Uxbridge Bulldogs"]
[Result "1-0"]
[PlyCount "65"]

1. d4 d5 2. Nf3 Nf6 3. e3 e6 4. Bd3 b6 5. O-O Bb7 6. b3 c5 7. Bb2 Bd6 8. Nbd2 Nbd7 9. Ne5 O-O 10. f4 Ne4 11. Bxe4 dxe4 12. Ndc4 Be7 13. Nxd7 Qxd7 14. Ne5 Qe8 15. Qg4 f5 16. Qe2 a5 17. c4 Bf6 18. dxc5 bxc5 19. Rad1 Rd8 20. Rxd8 Qxd8 21. Rd1 Qc8 22. Nd7 Bxb2 23. Nxf8 Ba3 24. Nd7 h6 25. Qd2 Bb4 26. Qd6 Qe8 27. Qc7 Bc8 28. Nb6 Qh5 29. Qxc8+ Kh7 30. Rd8 Qe2 31. Rh8+ Kg6 32. Qe8+ Kf6 33. Rf8# 1-0

[Event "4NCL Online Division 5"]
[Site "online"]
[Date "2021.04.06"]
[EventDate "2021.04.06"]
[Round "6.32"]
[White "Knight, David"]
[WhiteElo "1671"]
[WhiteTeam "Uxbridge Bulldogs"]
[Black "Redding, Jonathan"]
[BlackElo "1854"]
[BlackTeam "Harborough Cuatro 1"]
[Result "0-1"]
[PlyCount "61"]

1. c4 Nf6 2. Nf3 g6 3. d4 Bg7 4. Nc3 d6 5. e4 Bg4 6. Be2 Bxf3 7. Bxf3 O-O 8. e5 Nfd7 9. Bxb7 Nb6 10. Bxa8 Nxa8 11. exd6 cxd6 12. O-O Nc6 13. Be3 Nc7 14. d5 Ne5 15. Qe2 a5 16. Rab1 Na6 17. Nb5 Nc5 18. Rfd1 Qd7 19. b4 axb4 20. Rxb4 Ra8 21. h3 Ne4 22. f4 Ng3 23. Qc2 Nf3+ 24. Kf2 Nh4 25. Kxg3 g5 26. fxg5 Nf5+ 27. Kf2 Be5 28. Bd4 Bxd4+ 29. Nxd4 Nxd4 30. Rd2 Nxc2 31. Rd4 0-1

[Event "4NCL Online Division 5"]
[Site "online"]
[Date "2021.04.06"]
[EventDate "2021.04.06"]
[Round "6.33"]
[White "Waterfield, Mark"]
[WhiteElo "1711"]
[WhiteTeam "Harborough Cuatro 1"]
[Black "Knight, Daniel"]
[BlackElo "1663"]
[BlackTeam "Uxbridge Bulldogs"]
[Result "1/2-1/2"]
[PlyCount "121"]

1. e4 d5 2. exd5 Nf6 3. Bb5+ c6 4. dxc6 bxc6 5. Be2 e5 6. d3 h6 7. Nf3 Bd6 8. Nc3 O-O 9. O-O Re8 10. Ne4 Bc7 11. h3 Bf5 12. Nfd2 Nbd7 13. Bg4 Nxg4 14. hxg4 Be6 15. Nb3 Qh4 16. g5 f5 17. gxf6 Nxf6 18. Nbc5 Ng4 19. Re1 Qh2+ 20. Kf1 Qh1+ 21. Ke2 Qxg2 22. Rg1 Qh3 23. Rg3 Qh2 24. Be3 Nxe3 25. Kxe3 Qh4 26. Qh1 Qf4+ 27. Ke2 Bd5 28. Rag1 Re7 29. Qg2 Qf8 30. c4 Bxe4 31. Qxe4 Rf7 32. Qe3 Bb6 33. b4 a5 34. Qxe5 Bxc5 35. Qxc5 axb4 36. Qxf8+ Kxf8 37. Ra1 b3 38. a4 b2 39. Rb1 Rb7 40. Kd2 Rxa4 41. Kc2 Rab4 42. Rg6 Rf7 43. Kc3 Rbb7 44. Rg2 Rf3 45. Rxb2 Rxb2 46. Kxb2 Rxd3 47. Rg6 Rd2+ 48. Kb3 Rxf2 49. Rxc6 Rf6 50. Rxf6+ gxf6 51. Kc3 h5 52. Kd4 h4 53. Ke4 h3 54. Kf3 h2 55. Kg2 h1=B+ 56. Kxh1 Ke7 57. Kg2 Kd6 58. Kf3 Kc5 59. Kf4 Kxc4 60. Kf5 Kd5 61. Kxf6 1/2-1/2

[Event "4NCL Online Division 5"]
[Site "online"]
[Date "2021.04.06"]
[EventDate "2021.04.06"]
[Round "6.41"]
[White "Keerthi Kumar, Advait"]
[WhiteElo "1248"]
[WhiteTeam "Watford Juniors B"]
[Black "Povah, Nigel E"]
[BlackTitle "IM"]
[BlackElo "2280"]
[BlackTeam "Guildford Castles 1"]
[Result "0-1"]
[PlyCount "81"]

1. d4 Nf6 2. Bf4 e6 3. e3 c5 4. c3 b6 5. Nd2 Bb7 6. Nc4 d5 7. Ne5 a6 8. Ngf3 Be7 9. Ng5 O-O 10. h4 Nbd7 11. Bd3 h6 12. Qf3 Rc8 13. g4 cxd4 14. exd4 Nxe5 15. Bxe5 Ne4 16. Nxe4 dxe4 17. Bxe4 Bxe4 18. Qxe4 Bxh4 19. O-O-O Bxf2 20. g5 Qxg5+ 21. Bf4 Qg4 22. Rdf1 Bg3 23. Qe3 Bxf4 24. Rxf4 Qg5 25. Rg1 Qh5 26. Rfg4 g6 27. R4g3 e5 28. Rh3 exd4 29. Qd3 Qe5 30. Rhg3 Rc6 31. Kb1 dxc3 32. Qc2 Kg7 33. b3 Re8 34. a4 b5 35. a5 b4 36. Rf3 Qe4 37. Rgf1 Qxc2+ 38. Kxc2 Re2+ 39. Kd3 Rd2+ 40. Ke3 Re6+ 41. Kf4 0-1

[Event "4NCL Online Division 5"]
[Site "online"]
[Date "2021.04.06"]
[EventDate "2021.04.06"]
[Round "6.42"]
[White "Punnett, Alan K"]
[WhiteElo "2096"]
[WhiteTeam "Guildford Castles 1"]
[Black "Bajpayee, Yayin"]
[BlackElo "1095"]
[BlackTeam "Watford Juniors B"]
[Result "1-0"]
[PlyCount "37"]

1. e4 c5 2. Nc3 d6 3. f4 a6 4. a4 Nc6 5. Nf3 Qc7 6. Bc4 Bg4 7. Bxf7+ Kxf7 8. Ng5+ Ke8 9. Qxg4 Nf6 10. Qe6 Nd8 11. Qh3 h6 12. Nf3 e6 13. O-O Be7 14. d4 cxd4 15. Nxd4 Qd7 16. Be3 Kf7 17. e5 Nd5 18. Nxd5 exd5 19. Qxd7 1-0

[Event "4NCL Online Division 5"]
[Site "online"]
[Date "2021.04.06"]
[EventDate "2021.04.06"]
[Round "6.44"]
[White "White, Nigel"]
[WhiteElo "2084"]
[WhiteTeam "Guildford Castles 1"]
[Black "Shah, Prem C"]
[BlackElo "1075"]
[BlackTeam "Watford Juniors B"]
[Result "0-1"]
[PlyCount "46"]

1. e4 c6 2. d4 d5 3. e5 Bf5 4. Nf3 e6 5. Be2 Bb4+ 6. c3 Ba5 7. b4 Bb6 8. O-O Ne7 9. Nbd2 O-O 10. Nh4 Nd7 11. Nxf5 Nxf5 12. Bd3 Qg5 13. Nf3 Qh5 14. g3 a5 15. Be3 Nxe3 16. fxe3 axb4 17. cxb4 f6 18. exf6 Nxf6 19. Ne5 Qg5 20. Qe2 Nh5 21. Rxf8+ Rxf8 22. Kg2 Bxd4 23. Nf3 Rxf3 0-1

[Event "4NCL Online Division 5"]
[Site "online"]
[Date "2021.04.06"]
[EventDate "2021.04.06"]
[Round "6.51"]
[White "Manouvel, Maelys"]
[WhiteElo "1015"]
[WhiteTeam "Watford Juniors C"]
[Black "Correa, Rebecca"]
[BlackElo "1463"]
[BlackTeam "Manchester Juniors C"]
[Result "0-1"]
[PlyCount "108"]

1. e4 c5 2. Nf3 d6 3. d4 cxd4 4. Nxd4 Nf6 5. Nc3 a6 6. f3 e5 7. Nb3 Be6 8. Be3 Be7 9. Be2 O-O 10. Qd2 Qc7 11. O-O-O Rd8 12. g4 b5 13. Nd5 Nxd5 14. exd5 Bd7 15. Qe1 Bc8 16. Qf2 Nd7 17. g5 Bb7 18. Bf1 Rac8 19. Bh3 Qc4 20. Bb6 Nxb6 21. Bxc8 Rxc8 22. Kb1 Nxd5 23. Rc1 Bxg5 24. Rcg1 Be3 25. Qg2 Bxg1 26. Rxg1 g6 27. Na5 Qc7 28. Nxb7 Qxb7 29. Qd2 Qc6 30. Rd1 Nf4 31. Re1 Qd5 32. Qa5 Qxf3 33. Qxa6 Qc6 34. Qxc6 Rxc6 35. Re3 f5 36. Rb3 Rc5 37. Ra3 Kf7 38. Ra6 Ke6 39. Kc1 Nd3+ 40. Kb1 Nb4 41. Ra7 Rd5 42. b3 h5 43. Rg7 Kf6 44. Rb7 f4 45. c4 f3 46. Rb8 Ke7 47. cxd5 f2 48. Rb7+ Kf6 49. Rb8 f1=Q+ 50. Kb2 Qe2+ 51. Ka3 Nd3 52. Rf8+ Kg5 53. Rf5+ Kxf5 54. b4 Qb2# 0-1

[Event "4NCL Online Division 5"]
[Site "online"]
[Date "2021.04.06"]
[EventDate "2021.04.06"]
[Round "6.53"]
[White "Manoj Kumar, Arth"]
[WhiteElo "713"]
[WhiteTeam "Watford Juniors C"]
[Black "Correa, Edward"]
[BlackElo "1270"]
[BlackTeam "Manchester Juniors C"]
[Result "0-1"]
[PlyCount "84"]

1. Nf3 Nc6 2. e4 e5 3. Nc3 Nf6 4. Bc4 Bc5 5. d3 d6 6. Bg5 Bg4 7. Bxf6 Qxf6 8. Nd5 Qd8 9. Ne3 Bxf3 10. gxf3 Nd4 11. f4 exf4 12. c3 fxe3 13. cxd4 exf2+ 14. Kf1 Bxd4 15. Qf3 O-O 16. Rg1 g6 17. Qg2 Bxb2 18. Rb1 fxg1=Q+ 19. Qxg1 a6 20. Rxb2 Qf6+ 21. Rf2 Qa1+ 22. Kg2 Qxg1+ 23. Kxg1 b5 24. Bd5 Rab8 25. Bb3 Kg7 26. h4 Rb6 27. h5 gxh5 28. Rg2+ Kh8 29. Rf2 f6 30. Rg2 a5 31. a4 bxa4 32. Bxa4 Rb4 33. Bd7 a4 34. Be6 a3 35. Kh1 Rb2 36. Rg1 a2 37. Ra1 Rb1+ 38. Rxb1 axb1=Q+ 39. Kg2 Qxd3 40. Kh2 Qxe4 41. Bh3 Rg8 42. Bf5 Qg2# 0-1

[Event "4NCL Online Division 5"]
[Site "online"]
[Date "2021.04.06"]
[EventDate "2021.04.06"]
[Round "6.61"]
[White "Robins, Andrew"]
[WhiteElo "1761"]
[WhiteTeam "Ashfield Anonymous D"]
[Black "Trudeau, Gary"]
[BlackElo "1842"]
[BlackTeam "Calstock Killers"]
[Result "1/2-1/2"]
[PlyCount "55"]

1. e4 Nc6 2. Nf3 e5 3. Bb5 a6 4. Ba4 d6 5. O-O Nf6 6. Bxc6+ bxc6 7. d4 exd4 8. Nxd4 c5 9. Nf3 Bb7 10. Nc3 Be7 11. Re1 O-O 12. Nd5 Nxd5 13. exd5 Bf6 14. c4 Rb8 15. Rb1 Bc8 16. b4 Bf5 17. Rb3 cxb4 18. Nd4 Bd7 19. Qd3 Re8 20. Bd2 a5 21. a3 Ba4 22. Rbb1 Rxe1+ 23. Bxe1 bxa3 24. Ra1 Qe8 25. Kf1 Qe5 26. Rxa3 Bd7 27. Nf3 Qh5 28. Bxa5 1/2-1/2

[Event "4NCL Online Division 5"]
[Site "online"]
[Date "2021.04.06"]
[EventDate "2021.04.06"]
[Round "6.62"]
[White "Hill, Michael"]
[WhiteElo "1733"]
[WhiteTeam "Calstock Killers"]
[Black "Bentley, Alex"]
[BlackElo "1750"]
[BlackTeam "Ashfield Anonymous D"]
[Result "1-0"]
[PlyCount "37"]

1. Nf3 c5 2. e3 Nf6 3. d4 e6 4. Nbd2 Nc6 5. dxc5 Bxc5 6. Nb3 Bb6 7. Be2 O-O 8. O-O d5 9. Nbd4 Bd7 10. b3 a6 11. Bb2 Re8 12. Nxc6 Bxc6 13. Ne5 Rc8 14. Bd3 Nd7 15. Nxd7 Qxd7 16. Qg4 e5 17. Bf5 Qc7 18. Bxc8 Rxc8 19. Bxe5 1-0

[Event "4NCL Online Division 5"]
[Site "online"]
[Date "2021.04.06"]
[EventDate "2021.04.06"]
[Round "6.63"]
[White "Hardman, Daniel"]
[WhiteElo "1536"]
[WhiteTeam "Ashfield Anonymous D"]
[Black "Kirkman, Nigel J"]
[BlackElo "1722"]
[BlackTeam "Calstock Killers"]
[Result "1/2-1/2"]
[PlyCount "123"]

1. e4 e6 2. d4 d5 3. Nd2 Nf6 4. e5 Nfd7 5. c3 c5 6. Bd3 Nc6 7. Ngf3 Qb6 8. O-O cxd4 9. cxd4 Nxd4 10. Nxd4 Qxd4 11. Nf3 Qg4 12. h3 Qh5 13. Be3 Be7 14. Qa4 O-O 15. Rac1 Nxe5 16. Nxe5 Qxe5 17. Bf4 Qf6 18. Rfe1 a6 19. Be5 Qh4 20. Qc2 Bd7 21. Qc7 Bc6 22. Bg3 Qg5 23. Bf4 Bd8 24. Qxc6 bxc6 25. Bxg5 Bxg5 26. Rxc6 a5 27. Re2 Rfc8 28. Rec2 Rxc6 29. Rxc6 g6 30. b3 Bd2 31. Kf1 d4 32. Ke2 Bc3 33. g4 g5 34. Rc4 Rd8 35. f3 Rd5 36. Be4 Re5 37. Kd1 Kg7 38. Kc2 h6 39. a3 Rb5 40. Bd3 Re5 41. b4 axb4 42. axb4 Re3 43. Be4 Re2+ 44. Kb3 Rb2+ 45. Ka4 Kf6 46. b5 Ke5 47. Rc7 Rb4+ 48. Ka3 Rxb5 49. Rxf7 Ra5+ 50. Kb3 Rb5+ 51. Kc4 Rb4+ 52. Kd3 Rb2 53. Rh7 Rd2+ 54. Kc4 Re2 55. Rxh6 Be1 56. Rg6 Bh4 57. Rg8 Re3 58. Rd8 Rc3+ 59. Kb4 Re3 60. Kc4 Rc3+ 61. Kb4 Re3 62. Kc4 1/2-1/2

[Event "4NCL Online Division 5"]
[Site "online"]
[Date "2021.04.06"]
[EventDate "2021.04.06"]
[Round "6.64"]
[White "Henderson, Jason"]
[WhiteElo "1680"]
[WhiteTeam "Calstock Killers"]
[Black "Fraser, Chris"]
[BlackElo "1607"]
[BlackTeam "Ashfield Anonymous D"]
[Result "1-0"]
[PlyCount "139"]

1. d4 Nf6 2. c4 e6 3. Nc3 Bb4 4. Qc2 Nc6 5. Nf3 O-O 6. Bg5 h6 7. Bxf6 Qxf6 8. e3 d6 9. Bd3 e5 10. O-O Bxc3 11. bxc3 b6 12. Bh7+ Kh8 13. Be4 Bb7 14. Qa4 Na5 15. Bxb7 Nxb7 16. Qc6 Na5 17. dxe5 dxe5 18. Qe4 Rfe8 19. Rfd1 Rad8 20. Rd5 c6 21. Rxe5 Rxe5 22. Qxe5 Nxc4 23. Qxf6 gxf6 24. Nd4 c5 25. Nf5 Kh7 26. Kf1 Rd7 27. Ke1 Kg6 28. Ng3 f5 29. Rd1 Rxd1+ 30. Kxd1 b5 31. Kc2 Nb6 32. Ne2 a5 33. Nf4+ Kf6 34. h3 c4 35. g4 Kg5 36. f3 fxg4 37. hxg4 Kh4 38. Ne2 h5 39. gxh5 Kxh5 40. Nd4 b4 41. e4 Kg5 42. Ne2 Na4 43. f4+ Kf6 44. cxb4 axb4 45. Nd4 Nc5 46. e5+ Kg6 47. f5+ Kg7 48. Nc6 b3+ 49. axb3 cxb3+ 50. Kb2 Kf8 51. f6 Ke8 52. Kc3 Kd7 53. Nd4 Ke8 54. Nxb3 Ne6 55. Kc4 Kd7 56. Nd4 Nf4 57. Kc5 Nd3+ 58. Kd5 Nf4+ 59. Ke4 Ne6 60. Nxe6 Kxe6 61. Kd4 Kf5 62. Kd5 Kg6 63. Kd6 Kh7 64. Kd7 Kg6 65. Ke7 Kf5 66. Kxf7 Kxe5 67. Ke7 Kf5 68. f7 Kg6 69. f8=Q Kh7 70. Qf1 1-0

[Event "4NCL Online Division 5"]
[Site "online"]
[Date "2021.04.06"]
[EventDate "2021.04.06"]
[Round "6.71"]
[White "Kriman, Salim"]
[WhiteElo "2000"]
[WhiteTeam "Hackney Hackers"]
[Black "Vaidya, Raghav"]
[BlackElo "1818"]
[BlackTeam "Barnet Knights B"]
[Result "1-0"]
[PlyCount "97"]

1. d4 Nf6 2. c4 e6 3. Nc3 Bb4 4. Nf3 b6 5. Bg5 Bb7 6. e3 h6 7. Bh4 g5 8. Bg3 Ne4 9. Qc2 Bxc3+ 10. bxc3 Nxg3 11. hxg3 d6 12. e4 g4 13. Nh2 Rg8 14. Bd3 Nd7 15. Nf1 Qg5 16. Ne3 O-O-O 17. O-O-O h5 18. Kb1 Nb8 19. Rh4 Nd7 20. a4 a5 21. Rdh1 Nf6 22. Nf1 e5 23. Ne3 c5 24. Qb2 cxd4 25. cxd4 Kc7 26. Nd5+ Bxd5 27. cxd5 Kd7 28. Rc1 Rc8 29. Rhh1 exd4 30. Qxb6 Rxc1+ 31. Rxc1 Rd8 32. Qc7+ Ke8 33. Bb5+ Nd7 34. Qxd6 Qe7 35. Qxe7+ Kxe7 36. Rc7 Kd6 37. Rxd7+ Rxd7 38. Bxd7 Kxd7 39. f4 Kd6 40. Kc2 Kc5 41. Kd3 f5 42. exf5 Kxd5 43. f6 Ke6 44. Kxd4 Kxf6 45. Ke4 Ke6 46. f5+ Kf6 47. Kf4 Kf7 48. Kg5 Kg7 49. Kxh5 1-0

[Event "4NCL Online Division 5"]
[Site "online"]
[Date "2021.04.06"]
[EventDate "2021.04.06"]
[Round "6.72"]
[White "Eedle, Eric F"]
[WhiteElo "1825"]
[WhiteTeam "Barnet Knights B"]
[Black "Conway, Paul Bernard"]
[BlackElo "1846"]
[BlackTeam "Hackney Hackers"]
[Result "1-0"]
[PlyCount "67"]

1. d4 Nf6 2. c4 c5 3. d5 e6 4. Nc3 exd5 5. cxd5 d6 6. Nf3 g6 7. h3 Bg7 8. e4 a6 9. a4 Nbd7 10. Bd3 Nh5 11. Bg5 Bf6 12. Bh6 Ne5 13. Nxe5 Bxe5 14. Qd2 Rg8 15. g4 Ng7 16. O-O-O Qa5 17. f4 Bxc3 18. Qxc3 Qxc3+ 19. bxc3 Bd7 20. a5 c4 21. Bxc4 Rc8 22. Rd4 Rc5 23. e5 Rxa5 24. Kd2 dxe5 25. fxe5 Ke7 26. Rf1 Be8 27. Rf6 Kd8 28. e6 fxe6 29. dxe6+ Ke7 30. Rf7+ Bxf7 31. exf7 Rc8 32. Bxg7 Rac5 33. Re4+ Kd7 34. Be6+ 1-0

[Event "4NCL Online Division 5"]
[Site "online"]
[Date "2021.04.06"]
[EventDate "2021.04.06"]
[Round "6.73"]
[White "Figueroa, Edison"]
[WhiteElo "1819"]
[WhiteTeam "Hackney Hackers"]
[Black "Vyas, Alisha"]
[BlackElo "1695"]
[BlackTeam "Barnet Knights B"]
[Result "0-1"]
[PlyCount "80"]

1. e4 c5 2. d4 cxd4 3. c3 dxc3 4. Nxc3 Nc6 5. Nf3 e6 6. Bc4 Be7 7. O-O Nf6 8. e5 Ng8 9. Qe2 a6 10. Rd1 b5 11. Bb3 Qc7 12. Bf4 Bb4 13. Ne4 Bb7 14. Rac1 h6 15. a3 Be7 16. Nd6+ Bxd6 17. exd6 Qb6 18. Ne5 Nf6 19. Re1 O-O 20. Qd3 Nxe5 21. Bxe5 Ng4 22. Qd4 Qxd4 23. Bxd4 Rac8 24. Rc7 Bc6 25. Rc1 Nf6 26. Bd1 Rxc7 27. dxc7 Rc8 28. Be5 Ne8 29. Bf3 Bxf3 30. gxf3 d6 31. Bg3 f5 32. Rc6 e5 33. f4 e4 34. Bh4 Rxc7 35. Rxa6 Rb7 36. Ra8 Kf7 37. Rd8 g6 38. Rc8 Nc7 39. Bd8 Ne6 40. Bc7 Rxc7 0-1

[Event "4NCL Online Division 5"]
[Site "online"]
[Date "2021.04.06"]
[EventDate "2021.04.06"]
[Round "6.74"]
[White "Sanfey, Gregor"]
[WhiteElo "1677"]
[WhiteTeam "Barnet Knights B"]
[Black "Reilly, Gerard"]
[BlackElo "1792"]
[BlackTeam "Hackney Hackers"]
[Result "1-0"]
[PlyCount "143"]

1. e4 c5 2. Nf3 d6 3. Bb5+ Bd7 4. a4 Nc6 5. O-O Nf6 6. Re1 a6 7. Bf1 g6 8. Nc3 Bg7 9. d4 cxd4 10. Nxd4 O-O 11. Nb3 Rc8 12. a5 Be6 13. Nd5 Nd7 14. c3 Nce5 15. f4 Bg4 16. Qc2 Nc6 17. Be3 Nf6 18. Nb6 Rc7 19. f5 Ne5 20. h3 Bh5 21. g4 Nf3+ 22. Kg2 Nxe1+ 23. Rxe1 Bxg4 24. hxg4 Nxg4 25. Bg1 e6 26. Qe2 Qg5 27. Kh3 Qh5+ 28. Kg3 Be5+ 29. Kg2 gxf5 30. exf5 Qxf5 31. Nd4 Qg5 32. Nf3 Ne3+ 33. Kh1 Qh5+ 34. Nh2 Qxe2 35. Rxe2 Nxf1 36. Nxf1 Kh8 37. Nd2 Rg8 38. Ndc4 Bf4 39. Re4 Bg3 40. Bd4+ e5 41. Nxe5 dxe5 42. Rxe5 f6 43. Re6 Bh4 44. Nd5 Rcg7 45. Nxf6 Bxf6 46. Bxf6 h6 47. Bxg7+ Rxg7 48. Rxh6+ Rh7 49. Rxh7+ Kxh7 50. Kg2 Kg6 51. Kf3 Kf5 52. Ke3 Ke5 53. Kd3 Kd5 54. b4 Kd6 55. Kd4 Kc6 56. Kc4 Kd6 57. b5 Kc7 58. Kc5 Kb8 59. c4 Ka7 60. Kd6 b6 61. axb6+ Kxb6 62. c5+ Kb7 63. Kd7 axb5 64. c6+ Kb8 65. c7+ Kb7 66. c8=Q+ Kb6 67. Qb8+ Kc5 68. Qc7+ Kb4 69. Qb6 Ka4 70. Kc6 b4 71. Kc5 b3 72. Qb4# 1-0

[Event "4NCL Online Division 5"]
[Site "online"]
[Date "2021.04.06"]
[EventDate "2021.04.06"]
[Round "6.81"]
[White "Selvaduarai, Karthisamy"]
[WhiteElo "1548"]
[WhiteTeam "Uxbridge Cyclones"]
[Black "Zhang, Zheming"]
[BlackElo "2092"]
[BlackTeam "Forest Hall Juniors"]
[Result "0-1"]
[PlyCount "108"]

1. e3 e6 2. b3 f5 3. Bb2 Nf6 4. Nf3 b6 5. g3 Bb7 6. Bg2 Be7 7. O-O O-O 8. a4 a5 9. Na3 Qc8 10. Nb5 Nc6 11. Ng5 Na7 12. Nd4 Bxg2 13. Kxg2 Qb7+ 14. Kg1 Rae8 15. Ngf3 Bc5 16. Ng5 Bxd4 17. Bxd4 Nc6 18. Bb2 Ne7 19. d3 h6 20. Nf3 d6 21. Nh4 Kh7 22. c4 e5 23. Bc3 Nd7 24. Qh5 Nf6 25. Qd1 Rg8 26. d4 e4 27. d5 Ref8 28. b4 axb4 29. Bxb4 Nd7 30. Bc3 Qa6 31. Qe2 Nc5 32. a5 Nxd5 33. Bb2 bxa5 34. Qh5 Ne7 35. Bc3 a4 36. Qe2 Nd3 37. Qa2 Ra8 38. Ng2 Qc6 39. Nf4 Nxf4 40. exf4 Rgb8 41. Qe2 a3 42. g4 Ra4 43. gxf5 Qxc4 44. Qxc4 Rxc4 45. Rxa3 Nd5 46. Bd2 Rb5 47. Ra7 Nf6 48. Rc1 Rxc1+ 49. Bxc1 Nd5 50. Kg2 Kg8 51. h4 Kf7 52. Kg3 Rc5 53. Ba3 Rc3+ 54. Kg4 Nf6# 0-1

[Event "4NCL Online Division 5"]
[Site "online"]
[Date "2021.04.06"]
[EventDate "2021.04.06"]
[Round "6.82"]
[White "French, Morgan"]
[WhiteElo "1662"]
[WhiteTeam "Forest Hall Juniors"]
[Black "Foale, Ron"]
[BlackElo "1511"]
[BlackTeam "Uxbridge Cyclones"]
[Result "1-0"]
[PlyCount "33"]

1. d4 Nf6 2. c4 e6 3. g3 d5 4. Bg2 dxc4 5. Nd2 Qxd4 6. Qa4+ Qd7 7. Qxd7+ Nbxd7 8. Nxc4 Nb6 9. Na5 c6 10. Nxc6 Kd7 11. Ne5+ Ke7 12. Bd2 a5 13. Ngf3 h6 14. O-O Ne4 15. Rac1 Nd5 16. Rfd1 f6 17. Ng6+ 1-0

[Event "4NCL Online Division 5"]
[Site "online"]
[Date "2021.04.06"]
[EventDate "2021.04.06"]
[Round "6.83"]
[White "Nandi, Asoke K"]
[WhiteElo "1481"]
[WhiteTeam "Uxbridge Cyclones"]
[Black "Johnston, Alexander"]
[BlackElo "1593"]
[BlackTeam "Forest Hall Juniors"]
[Result "0-1"]
[PlyCount "98"]

1. e4 e5 2. Nf3 Nc6 3. d4 exd4 4. Nxd4 Bc5 5. c3 Qf6 6. Be3 Nge7 7. Be2 O-O 8. O-O d5 9. Nxc6 Qxc6 10. exd5 Nxd5 11. Bd4 Bxd4 12. Qxd4 Be6 13. Na3 Rad8 14. Bf3 Qb6 15. Qxb6 Nxb6 16. Bxb7 Na4 17. b3 Nxc3 18. Bf3 Rfe8 19. Rfc1 Rd3 20. Kf1 Rxf3 21. gxf3 Bh3+ 22. Kg1 Ne2+ 23. Kh1 Nxc1 24. Rxc1 Re2 25. Kg1 Rxa2 26. Nb5 c6 27. Nd4 Rb2 28. Nxc6 Rxb3 29. Nxa7 Rxf3 30. Nb5 f6 31. Re1 Rb3 32. Nc7 Kf7 33. Nd5 Rb5 34. Nf4 Rg5+ 35. Kh1 Bd7 36. h3 Bc6+ 37. Kh2 Rf5 38. Ng2 Rxf2 39. Rg1 f5 40. Kg3 Rf3+ 41. Kh2 f4 42. h4 Rf2 43. Kh3 Bxg2+ 44. Rxg2 Rxg2 45. Kxg2 h6 46. Kf3 g5 47. Kg4 Kg6 48. hxg5 hxg5 49. Kf3 Kf5 0-1

[Event "4NCL Online Division 5"]
[Site "online"]
[Date "2021.04.06"]
[EventDate "2021.04.06"]
[Round "6.84"]
[White "Amoako Philip Selikem Yao"]
[WhiteElo "1453"]
[WhiteTeam "Forest Hall Juniors"]
[Black "Smith, Richard"]
[BlackElo "1462"]
[BlackTeam "Uxbridge Cyclones"]
[Result "1-0"]
[PlyCount "127"]

1. e4 c6 2. d4 d5 3. Nc3 dxe4 4. Nxe4 Bf5 5. Ng3 Bg6 6. Nf3 h6 7. Ne5 Bh7 8. Bc4 e6 9. Qf3 Nf6 10. c3 Nbd7 11. Bf4 Nxe5 12. Bxe5 Be7 13. Nh5 Nxh5 14. Qxh5 O-O 15. Qg4 Bf6 16. Bf4 Bf5 17. Qg3 Bh4 18. Qf3 Bg5 19. Be3 Qe7 20. g4 Bg6 21. Bxg5 Qxg5 22. h4 Qe7 23. O-O-O b5 24. Bd3 Bxd3 25. Qxd3 f5 26. gxf5 exf5 27. Rdg1 Rad8 28. Qf3 Rd6 29. h5 a5 30. Re1 Qf7 31. Kb1 Re8 32. Rxe8+ Qxe8 33. Qxf5 Rf6 34. Qc2 Kh8 35. a3 Rf4 36. Qg6 Qe4+ 37. Qxe4 Rxe4 38. Rh2 Kg8 39. Kc2 Kf7 40. Kd3 Re1 41. f4 Kf6 42. Re2 Rxe2 43. Kxe2 a4 44. Kf3 Kf5 45. Kg3 g5 46. hxg6 Kxg6 47. Kg4 Kf6 48. Kh5 Kf5 49. Kxh6 Kxf4 50. Kg6 Ke4 51. Kf6 Kd5 52. Ke7 c5 53. dxc5 Kxc5 54. Kd7 Kd5 55. Kc7 Kc5 56. Kb7 b4 57. cxb4+ Kb5 58. Ka7 Kc6 59. Ka6 Kc7 60. b5 Kb8 61. Kb6 Ka8 62. Kc7 Ka7 63. b6+ Ka8 64. b7+ 1-0

[Event "4NCL Online Division 5"]
[Site "online"]
[Date "2021.04.06"]
[EventDate "2021.04.06"]
[Round "6.91"]
[White "Brown, Tom"]
[WhiteElo "2068"]
[WhiteTeam "Braunstone 1"]
[Black "Siddle, Michael"]
[BlackElo "1477"]
[BlackTeam "Bishop Knights"]
[Result "1-0"]
[PlyCount "103"]

1. d4 Nf6 2. Nf3 b6 3. c4 Bb7 4. Nc3 e6 5. a3 c5 6. d5 exd5 7. cxd5 d6 8. e4 Nbd7 9. Bd3 Be7 10. O-O O-O 11. h3 h6 12. Bf4 a6 13. a4 Re8 14. Nd2 Bf8 15. Nc4 Nb8 16. Re1 Nh7 17. Qg4 Bc8 18. Qg3 g5 19. Bxd6 Bxd6 20. Nxd6 Re7 21. Nxc8 Qxc8 22. Qd6 Qf8 23. Qxb6 Re8 24. Rad1 Nd7 25. Qb3 Ne5 26. Qc2 Qd6 27. Ne2 Rec8 28. Ng3 Qb6 29. Nf5 Kf8 30. Be2 c4 31. Qc3 f6 32. Qa3+ Rc5 33. Nd4 Kf7 34. Bh5+ Kg8 35. Ne6 Rcc8 36. a5 Qb7 37. Be2 Nf8 38. Nd4 Nfg6 39. Nf5 Kh7 40. Nd6 Qa7 41. Nxc8 Rxc8 42. d6 Rd8 43. g3 Rd7 44. Kg2 Qb7 45. f3 h5 46. Rd4 g4 47. hxg4 h4 48. f4 Nf7 49. Bxc4 f5 50. gxf5 Nf8 51. Rh1 Nh6 52. Rxh4 1-0

[Event "4NCL Online Division 5"]
[Site "online"]
[Date "2021.04.06"]
[EventDate "2021.04.06"]
[Round "6.92"]
[White "Clynes, Chris"]
[WhiteElo "1398"]
[WhiteTeam "Bishop Knights"]
[Black "Bray, David"]
[BlackElo "2036"]
[BlackTeam "Braunstone 1"]
[Result "1/2-1.2"]
[PlyCount "133"]

1. d4 d5 2. Nf3 Nf6 3. e3 e6 4. Bd3 c5 5. O-O Nc6 6. c3 Bd6 7. Nbd2 O-O 8. dxc5 Bxc5 9. b4 Bd6 10. Qc2 e5 11. e4 d4 12. cxd4 Nxb4 13. Qc3 exd4 14. Nxd4 Bg4 15. Bb1 Rc8 16. Qe3 Bc5 17. Bb2 Re8 18. f3 Bh5 19. N2b3 Bb6 20. Rd1 Nc6 21. Kh1 Ne5 22. Bc2 Nc4 23. Qg5 h6 24. Qc1 Qc7 25. Nb5 Qe7 26. Bc3 Red8 27. N5d4 Na3 28. Bd3 Bxd4 29. Nxd4 Rxd4 30. Qb2 Nc4 31. Qb3 Rd7 32. Bxc4 Rdc7 33. Bb4 Qe8 34. Bd3 Qc6 35. Ba3 Qc3 36. Bf1 Qxb3 37. axb3 a6 38. Rac1 Rxc1 39. Rxc1 Rxc1 40. Bxc1 Nd7 41. Bc4 Kf8 42. Bd5 b6 43. Ba3+ Ke8 44. Bd6 Nf6 45. Bc6+ Kd8 46. Kg1 Ne8 47. Ba3 Nc7 48. Kf2 f6 49. Bd5 Nxd5 50. exd5 Bf7 51. Bf8 Bxd5 52. Bxg7 Bxb3 53. Bxf6+ Ke8 54. Bd4 b5 55. Bb6 Kd7 56. Ba5 Ke6 57. Ke3 Kf5 58. g3 Kg6 59. h4 h5 60. g4 hxg4 61. fxg4 Be6 62. Kf4 Bf7 63. Bc3 Kh7 64. Kg5 Bc4 65. Kf6 Be2 66. g5 Bh5 67. Ba5 1/2-1/2

[Event "4NCL Online Division 5"]
[Site "online"]
[Date "2021.04.06"]
[EventDate "2021.04.06"]
[Round "6.93"]
[White "Singh, Ashish"]
[WhiteElo "1920"]
[WhiteTeam "Braunstone 1"]
[Black "Coates, Ryan"]
[BlackElo "1259"]
[BlackTeam "Bishop Knights"]
[Result "1-0"]
[PlyCount "47"]

1. e4 c6 2. d4 d5 3. f3 dxe4 4. fxe4 e5 5. Nf3 Bg4 6. Bc4 Bxf3 7. Qxf3 Qf6 8. O-O Nd7 9. Bxf7+ Kd8 10. Qg3 Qd6 11. Bg5+ Kc7 12. dxe5 Nxe5 13. Bf4 Qd4+ 14. Kh1 Bd6 15. Nc3 Nf6 16. Rad1 Qc5 17. Rxd6 Kxd6 18. Rd1+ Ke7 19. Bxe5 Kxf7 20. Bxf6 gxf6 21. Qc7+ Kg6 22. Rd3 h5 23. Rg3+ Kh6 24. Qg7# 1-0